[Event "N� LL 2004/05"]
[Site "?"]
[Date "2005.02.20"]
[Round "8"]
[White "Knoll, Hermann"]
[Black "Wadsack, Wolfgang"]
[Result "0-1"]
[WhiteElo "2351"]
[BlackElo "2178"]
[Annotator "P�chlarn : Amstetten"]
[PlyCount "74"]

1. d4 d5 2. Nf3 Nf6 3. c4 dxc4 4. Nc3 c6 5. a4 Bf5 6. e3 e6 7. a5 Bb4 8. Qa4
Qe7 9. Bxc4 O-O 10. O-O Nbd7 11. Be2 Rfc8 12. Rd1 h6 13. Bd2 Rab8 14. Ne5 Nxe5
15. dxe5 Nd7 16. f4 Bc5 17. Kh1 b5 18. axb6 Nxb6 19. Qa6 Nd5 20. Nxd5 cxd5 21.
Rac1 Rc7 22. b4 Bxb4 23. Bxb4 Rxb4 24. Qd6 Rbb7 25. Ba6 Rxc1 26. Rxc1 Rd7 27.
Qc6 Rd8 28. h3 Be4 29. Kh2 Qa3 30. Re1 Rb8 31. Bf1 Qb4 32. Rd1 a5 33. Qc7 Qb6
34. Qxb6 Rxb6 35. Ra1 Rb1 36. Rxb1 Bxb1 37. Bb5 Bc2 0-1

[Event "N� LL 2004/05"]
[Site "?"]
[Date "2005.02.20"]
[Round "8"]
[White "Gugler, Edgar"]
[Black "Pernerstorfer, Johannes"]
[Result "1-0"]
[WhiteElo "2195"]
[BlackElo "2046"]
[Annotator "P�chlarn : Amstetten"]
[PlyCount "91"]

1. d4 Nf6 2. Nf3 d5 3. Bf4 Bf5 4. e3 e6 5. Be2 c5 6. c3 Nc6 7. Nbd2 Rc8 8. Qb3
Qb6 9. h3 h5 10. Ne5 c4 11. Qxb6 axb6 12. O-O Nxe5 13. Bxe5 h4 14. Bf3 Bd3 15.
Rfe1 Ne4 16. Nf1 f6 17. Bh2 b5 18. a3 Kd7 19. Be2 Bxe2 20. Rxe2 g5 21. f3 Nd6
22. e4 dxe4 23. fxe4 f5 24. exf5 exf5 25. Be5 Rg8 26. Ne3 g4 27. hxg4 fxg4 28.
Rf1 Re8 29. Nd5 Bg7 30. Ree1 Kc6 31. Nf6 Bxf6 32. Rxf6 Rd8 33. Rh6 h3 34. Bg3
Rh8 35. Rxh8 Rxh8 36. Re6 Kd5 37. Re7 Kc6 38. Re6 Kd5 39. Rxd6+ Ke4 40. Re6+
Kd3 41. d5 Kc2 42. Rb6 Re8 43. d6 Kxb2 44. d7 Rd8 45. Rxb7 Kxc3 46. Bh4 1-0

[Event "N� LL 2004/05"]
[Site "?"]
[Date "2005.02.20"]
[Round "8"]
[White "Gattermayer, Robert"]
[Black "Mittermayr, Gerhard"]
[Result "1/2-1/2"]
[WhiteElo "2061"]
[BlackElo "2133"]
[Annotator "P�chlarn : Amstetten"]
[PlyCount "27"]

1. e4 c5 2. Nf3 d6 3. d4 cxd4 4. Nxd4 Nf6 5. Nc3 g6 6. Be3 Bg7 7. f3 O-O 8. Qd2
Nc6 9. O-O-O d5 10. exd5 Nxd5 11. Nxc6 bxc6 12. Bd4 e5 13. Bc5 Be6 14. Ne4
1/2-1/2

[Event "N� LL 2004/05"]
[Site "?"]
[Date "2005.03.06"]
[Round "9"]
[White "Weiss, Christian"]
[Black "Wukits, Rene"]
[Result "1-0"]
[WhiteElo "2383"]
[BlackElo "2244"]
[Annotator "Ternitz/Gloggnitz : P�chlarn"]
[PlyCount "78"]

1. Nf3 c5 2. g3 b6 3. Bg2 Bb7 4. O-O Nf6 5. d3 e6 6. e4 d6 7. Nbd2 Be7 8. Qe2
Qc7 9. Nc4 Nc6 10. Bf4 b5 11. Na3 a6 12. c3 O-O 13. Nc2 Ne5 14. Nxe5 dxe5 15.
Be3 Rad8 16. Rfd1 Nd7 17. f3 Nb6 18. Bf2 Na4 19. Ne3 Rd7 20. Rac1 Qb8 21. Ng4
Rfd8 22. h4 h5 23. Ne3 Nb6 24. g4 hxg4 25. Nxg4 Bc8 26. Bh3 Rb7 27. Kh1 b4 28.
cxb4 cxb4 29. Rg1 Kf8 30. Bg3 f6 31. Qg2 Rxd3 32. Be1 g5 33. hxg5 fxg5 34. Bg3
Nd7 35. Qc2 Nc5 36. Nxe5 Bd6 37. Nxd3 Rh7 38. Bxd6+ Qxd6 39. Qxc5 Rxh3+ 1-0

[Event "N� LL 2004/05"]
[Site "?"]
[Date "2005.03.06"]
[Round "9"]
[White "Fr�schl, Felix"]
[Black "Knoll, Hermann"]
[Result "0-1"]
[WhiteElo "2203"]
[BlackElo "2351"]
[Annotator "Ternitz/Gloggnitz : P�chlarn"]
[PlyCount "72"]

1. d4 Nf6 2. c4 e6 3. Nc3 Bb4 4. e3 O-O 5. Bd3 d5 6. Nge2 c5 7. O-O Nc6 8. a3
Bxc3 9. bxc3 Qc7 10. h3 dxc4 11. Bxc4 e5 12. Bb2 Bf5 13. Ng3 Bg6 14. Rc1 Rad8
15. Qd2 Na5 16. Qe2 Rfe8 17. Rfd1 a6 18. dxe5 Qxe5 19. Ba2 Nc6 20. Rxd8 Rxd8
21. Rd1 Rxd1+ 22. Qxd1 b5 23. Qf3 Nb8 24. Qb7 c4 25. a4 h5 26. Ne2 Be4 27. Qc8+
Kh7 28. axb5 axb5 29. Qf8 Nbd7 30. Qd8 Qd5 31. Nd4 Qg5 32. g3 Ne5 33. Kf1 h4
34. g4 Nexg4 35. hxg4 Qxg4 36. Ne2 Bd3 0-1

[Event "N� LL 2004/05"]
[Site "?"]
[Date "2005.03.06"]
[Round "9"]
[White "Steinm�ller, G�nther"]
[Black "Weinwurm, Wolfgang"]
[Result "1/2-1/2"]
[WhiteElo "2053"]
[BlackElo "2126"]
[Annotator "Ternitz/Gloggnitz : P�chlarn"]
[PlyCount "84"]

1. e4 e5 2. Nf3 Nc6 3. Bb5 f5 4. d3 fxe4 5. dxe4 Nf6 6. O-O Bc5 7. Bxc6 bxc6 8.
Nxe5 O-O 9. Nd3 Bb6 10. e5 Ne4 11. Qe2 d5 12. exd6 Qh4 13. Be3 Nxd6 14. Bxb6
axb6 15. Nc3 Bg4 16. f3 Bf5 17. Qf2 Qf6 18. a3 Nc4 19. Ne4 Qh6 20. Rfe1 c5 21.
a4 Rae8 22. Qe2 Nd6 23. Ndf2 Re6 24. Ra3 Rfe8 25. Re3 Qg6 26. Kh1 h6 27. Kg1
Kh8 28. Kh1 R8e7 29. b3 Re8 30. Kg1 R6e7 31. c3 Bd7 32. c4 Nf5 33. Rd3 Bc6 34.
Qf1 Nd4 35. Kh1 Qh5 36. Red1 Rf8 37. Rxd4 cxd4 38. Rxd4 Qe5 39. Qd3 Qf4 40. h3
Qc1+ 41. Kh2 Qf4+ 42. Kg1 Qc1+ 1/2-1/2

[Event "N� LL 2004/05"]
[Site "?"]
[Date "2005.03.06"]
[Round "9"]
[White "Braun, Karl Heinz"]
[Black "Pernerstorfer, Johannes"]
[Result "0-1"]
[WhiteElo "2096"]
[BlackElo "2046"]
[Annotator "Ternitz/Gloggnitz : P�chlarn"]
[PlyCount "120"]

1. e4 c5 2. Nf3 d6 3. c3 Nf6 4. d3 Nc6 5. g3 Bg4 6. h3 Bh5 7. g4 Bg6 8. Nh4 e5
9. Nxg6 hxg6 10. Bg2 Be7 11. Nd2 Nd7 12. Nc4 Rc8 13. O-O b5 14. Ne3 Bg5 15. Nd5
Bxc1 16. Rxc1 g5 17. a4 a6 18. axb5 axb5 19. Qb3 Rb8 20. Ra1 Rb7 21. Ra6 Ndb8
22. Ra8 O-O 23. Rfa1 Qd7 24. Qa2 Nd8 25. d4 cxd4 26. cxd4 Ne6 27. dxe5 dxe5 28.
b4 Nc6 29. Rxf8+ Kxf8 30. Qa8+ Rb8 31. Qa2 Nf4 32. Qc2 Ne6 33. Ra6 Ncd4 34. Qa2
g6 35. Ra8 Rxa8 36. Qxa8+ Kg7 37. Qb8 f6 38. Kh2 Qf7 39. Bf1 Nf3+ 40. Kg3 Nd2
41. Bd3 Nf4 42. Qxb5 f5 43. gxf5 gxf5 44. Ne3 Nh5+ 45. Kg2 Nf4+ 46. Kh1 fxe4
47. Qxe5+ Qf6 48. Qc7+ Kg6 49. Bxe4+ Nxe4 50. Qc2 Qd4 51. b5 Nxh3 52. Ng4 Kh5
53. Qxe4 Qxf2 54. Nxf2 Nxf2+ 55. Kg2 Nxe4 56. b6 Nc5 57. Kf3 Kh4 58. Ke3 g4 59.
Kf2 Kh3 60. Kg1 Kg3 0-1

[Event "N� LL 2004/05"]
[Site "?"]
[Date "2005.03.06"]
[Round "9"]
[White "Sulyok, Michael"]
[Black "Gugler, Edgar"]
[Result "1/2-1/2"]
[WhiteElo "2161"]
[BlackElo "2195"]
[Annotator "Amstetten : Baden"]
[PlyCount "24"]

1. c4 c6 2. e4 d5 3. cxd5 cxd5 4. exd5 Nf6 5. Nc3 g6 6. Bc4 Bg7 7. Nf3 O-O 8.
O-O Nbd7 9. d3 Nb6 10. Qb3 Bf5 11. Re1 Rc8 12. Bf4 Nfd7 1/2-1/2

[Event "N� LL 2004/05"]
[Site "?"]
[Date "2005.03.06"]
[Round "9"]
[White "Wadsack, Wolfgang"]
[Black "Eibersberger, Manfred"]
[Result "1/2-1/2"]
[WhiteElo "2178"]
[BlackElo "2072"]
[Annotator "Amstetten : Baden"]
[PlyCount "126"]

1. e4 g6 2. d4 Bg7 3. c3 d5 4. exd5 Nf6 5. Nf3 Nxd5 6. Bd3 O-O 7. O-O Nc6 8.
Re1 Bg4 9. h3 Bxf3 10. Qxf3 Qd7 11. Bb5 Rad8 12. Na3 a6 13. Bxc6 Qxc6 14. Bg5
f6 15. Be3 e5 16. Rad1 Qa4 17. Bc1 b5 18. h4 b4 19. b3 Qc6 20. cxb4 Nxb4 21.
Qxc6 Nxc6 22. dxe5 Nxe5 23. Rxd8 Rxd8 24. Bf4 Rd4 25. Bxe5 fxe5 26. Nc4 Rxh4
27. Nxe5 Bxe5 28. Rxe5 Rd4 29. g3 Kf7 30. Rc5 Rd7 31. Rc6 a5 32. Rc5 a4 33.
bxa4 Ke6 34. Rc3 Rd4 35. Ra3 Rd6 36. Re3+ Kf6 37. Kf1 Rb6 38. Kg2 Ra6 39. Re4
c5 40. Kf3 h5 41. Ke3 Rb6 42. a5 Ra6 43. Ra4 Ke5 44. Kd3 Kd5 45. f4 c4+ 46. Kc3
Kc5 47. Rxc4+ Kb5 48. Kb3 Re6 49. a6 Kxa6 50. Kb4 Kb7 51. a4 Re3 52. Rc3 Re4+
53. Kb5 h4 54. gxh4 Rxf4 55. Rc4 Rf5+ 56. Rc5 Rf4 57. Rc4 Rf5+ 58. Kb4 g5 59.
h5 g4 60. Rxg4 Rxh5 61. Rg7+ Ka6 62. Rg6+ Kb7 63. Rd6 Rh4+ 1/2-1/2

[Event "N� LL 2004/05"]
[Site "?"]
[Date "2005.03.06"]
[Round "9"]
[White "Blatny, Pavel"]
[Black "Mahdy, Khaled"]
[Result "1-0"]
[WhiteElo "2535"]
[BlackElo "2339"]
[Annotator "Waidhofen : Zwettl"]
[PlyCount "21"]

1. g3 d5 2. Bg2 c6 3. b3 Bg4 4. Bb2 e6 5. h3 Bh5 6. d3 Nd7 7. Nd2 Ngf6 8. g4
Bg6 9. e3 h5 10. g5 Nh7 11. h4 {Rest nicht lesbar} 1-0

[Event "N� LL 2004/05"]
[Site "?"]
[Date "2005.03.06"]
[Round "9"]
[White "Svanda, Pavel"]
[Black "Vyskocil, Neklan"]
[Result "1/2-1/2"]
[WhiteElo "2277"]
[BlackElo "2305"]
[Annotator "Waidhofen : Zwettl"]
[PlyCount "39"]

1. e4 c5 2. Nf3 e6 3. d4 cxd4 4. Nxd4 a6 5. Bd3 Nf6 6. O-O Qc7 7. c4 Nc6 8. Nf3
d6 9. Nc3 Be7 10. Qe2 O-O 11. Bg5 Ne5 12. Nxe5 dxe5 13. Rac1 Bd7 14. c5 a5 15.
Nb5 Qb8 16. Be3 Bc6 17. f3 Rd8 18. Rc3 Rd7 19. Na3 Qc7 20. Nb5 1/2-1/2

[Event "N� LL 2004/05"]
[Site "?"]
[Date "2005.03.06"]
[Round "9"]
[White "Janetschek, Karl"]
[Black "Kropik, Martin"]
[Result "1/2-1/2"]
[WhiteElo "2255"]
[BlackElo "2076"]
[Annotator "Waidhofen : Zwettl"]
[PlyCount "43"]

1. e4 d6 2. d4 Nf6 3. Nc3 g6 4. Nf3 Bg7 5. Be2 c6 6. O-O O-O 7. h3 b5 8. a3 a6
9. Be3 Nbd7 10. Nd2 c5 11. dxc5 Nxc5 12. f4 Nfd7 13. Qe1 Bb7 14. Bf3 Rc8 15.
Rb1 Nb6 16. Qf2 Nba4 17. Nxa4 Nxa4 18. c3 Nc5 19. Rfd1 Qc7 20. h4 f5 21. exf5
Bxf3 22. Qxf3 1/2-1/2

[Event "N� LL 2004/05"]
[Site "?"]
[Date "2005.03.06"]
[Round "9"]
[White "Rosenauer, Harald"]
[Black "Zwettler, Martin"]
[Result "1/2-1/2"]
[WhiteElo "1992"]
[BlackElo "2183"]
[Annotator "Waidhofen : Zwettl"]
[PlyCount "85"]

1. Nf3 c5 2. g3 g6 3. Bg2 Bg7 4. c4 Nc6 5. Nc3 e5 6. d3 Nge7 7. O-O O-O 8. a3
a5 9. Rb1 d6 10. e3 h6 11. b3 Be6 12. Bb2 d5 13. Qe2 b6 14. Ne1 Qd7 15. Bh1
Rad8 16. Rd1 Bh3 17. Ng2 d4 18. Nd5 Nxd5 19. cxd5 Qxd5 20. Qc2 Qd7 21. Rfe1 Bg4
22. Rd2 dxe3 23. Nxe3 Be6 24. Nc4 Bxc4 25. bxc4 Nd4 26. Bxd4 Qxd4 27. a4 f5 28.
Bd5+ Kh7 29. Rb1 Rd6 30. Rb3 h5 31. Kg2 h4 32. h3 hxg3 33. fxg3 f4 34. g4 f3+
35. Bxf3 Rdf6 36. Rf2 Bh6 37. Qb2 Qe3 38. d4 Qxd4 39. Rxb6 Rxb6 40. Qxb6 Be3
41. Qb7+ Kh8 42. Re2 Bg5 43. Qe4 1/2-1/2

[Event "N� LL 2004/05"]
[Site "?"]
[Date "2005.03.06"]
[Round "9"]
[White "Weissenbeck, Manuel"]
[Black "Spacek, Petr"]
[Result "1/2-1/2"]
[WhiteElo "2227"]
[BlackElo "2381"]
[Annotator "Krems : Mauerbach"]
[PlyCount "28"]

1. Nf3 d5 2. d4 Bf5 3. c4 e6 4. Nc3 c6 5. Qb3 Qb6 6. c5 Qxb3 7. axb3 Nd7 8. Bf4
a6 9. b4 Rc8 10. h3 h6 11. g4 Bh7 12. h4 Ngf6 13. Bh3 Be7 14. Nd2 Ne4 1/2-1/2

[Event "N� LL 2004/05"]
[Site "?"]
[Date "2005.03.06"]
[Round "9"]
[White "Mozny, Milos"]
[Black "Schorn, Christoph"]
[Result "1-0"]
[WhiteElo "2376"]
[BlackElo "2152"]
[Annotator "Krems : Mauerbach"]
[PlyCount "95"]

1. d4 Nf6 2. c4 g6 3. g3 Bg7 4. Bg2 d5 5. cxd5 Nxd5 6. e4 Nb6 7. Ne2 O-O 8.
Nbc3 Nc6 9. d5 Na5 10. O-O c6 11. b3 cxd5 12. exd5 Bg4 13. f3 Bf5 14. Ba3 Rc8
15. Rc1 Re8 16. Kh1 h5 17. Bb4 Na8 18. Qd2 Nc6 19. Bc5 Ne5 20. Bd4 Nb6 21. Qe3
Nbd7 22. h3 e6 23. Nb5 Rxc1 24. Rxc1 Nd3 25. Bxg7 Kxg7 26. Rc7 exd5 27. Qd2 Qe7
28. Nbd4 N3c5 29. b4 Ne6 30. Nxf5+ gxf5 31. Rxb7 Qd6 32. Nd4 Nxd4 33. Qxd4+ Kg6
34. f4 Nb6 35. Rxa7 Re1+ 36. Kh2 Nc4 37. b5 f6 38. Ra6 Qe7 39. Qxd5 Ne3 40.
Qg8+ Kh6 41. Qg5+ Kh7 42. Qxh5+ Kg7 43. b6 Nf1+ 44. Bxf1 Rxf1 45. Ra7 Qxa7 46.
bxa7 Rf2+ 47. Kg1 Rxa2 48. Qxf5 1-0

[Event "N� LL 2004/05"]
[Site "?"]
[Date "2005.03.06"]
[Round "9"]
[White "Bechmann, Gerhard"]
[Black "Mayer, Martin"]
[Result "1/2-1/2"]
[WhiteElo "2065"]
[BlackElo "2000"]
[Annotator "Krems : Mauerbach"]
[PlyCount "34"]

1. f4 d5 2. Nf3 Nf6 3. c3 g6 4. g3 c5 5. Bg2 Bg7 6. d3 Nc6 7. O-O O-O 8. Qc2
Qb6 9. Qb3 Qxb3 10. axb3 b6 11. Ne5 Bb7 12. Nxc6 Bxc6 13. Nd2 a5 14. Nf3 Nd7
15. Bd2 f5 16. Ng5 Rf6 17. Nf3 Rff8 1/2-1/2

[Event "N� LL 2004/05"]
[Site "?"]
[Date "2005.03.06"]
[Round "9"]
[White "Walter, Martin"]
[Black "Strobl, Karl"]
[Result "1-0"]
[WhiteElo "1992"]
[BlackElo "1964"]
[Annotator "Krems : Mauerbach"]
[PlyCount "39"]

1. e4 g6 2. d4 Bg7 3. Nc3 c6 4. Nf3 d5 5. h3 Nf6 6. e5 Ne4 7. Nxe4 dxe4 8. Ng5
c5 9. c3 cxd4 10. Qxd4 O-O 11. Qxd8 Rxd8 12. Bc4 e6 13. Nxe4 Bxe5 14. Bg5 Rf8
15. Rd1 Nc6 16. O-O f6 17. Bh6 Re8 18. f4 f5 19. fxe5 fxe4 20. Bb5 1-0

[Event "N� LL 2004/05"]
[Site "?"]
[Date "2005.03.06"]
[Round "9"]
[White "Schroll, Gerhard"]
[Black "Ganaus, Hannes"]
[Result "1/2-1/2"]
[WhiteElo "2365"]
[BlackElo "2330"]
[Annotator "St.P�lten : Wr.Neustadt"]
[PlyCount "56"]

1. e4 e6 2. c4 d5 3. exd5 exd5 4. d4 Nf6 5. Nc3 Bb4 6. Bd3 O-O 7. Nge2 Nbd7 8.
O-O dxc4 9. Bxc4 Nb6 10. Bb3 c6 11. Qd3 Bg4 12. Bg5 Bxe2 13. Nxe2 Nbd5 14. Bxd5
Qxd5 15. Bxf6 gxf6 16. Nc3 Bxc3 17. bxc3 Rad8 18. Rfe1 Kh8 19. Re4 Rg8 20. g3
Rde8 21. Rae1 Rxe4 22. Qxe4 Qxa2 23. Qe7 Kg7 24. Qxb7 Qc4 25. Qxa7 Qxc3 26. Re7
Qc4 27. Qc5 Qxc5 28. dxc5 Rc8 {Rest nicht lesbar} 1/2-1/2

[Event "N� LL 2004/05"]
[Site "?"]
[Date "2005.03.06"]
[Round "9"]
[White "Lehner, Oliver"]
[Black "Wiedner, Robert"]
[Result "1-0"]
[WhiteElo "2414"]
[BlackElo "2147"]
[Annotator "St.P�lten : Wr.Neustadt"]
[PlyCount "63"]

1. e4 e5 2. Nf3 d6 3. d4 Nd7 4. Nc3 Ngf6 5. Bc4 h6 6. O-O Nb6 7. dxe5 Nxc4 8.
exf6 Qxf6 9. Nd5 Qd8 10. Qd4 Nb6 11. Re1 Be6 12. Bf4 Qd7 13. a4 Nc8 14. Rad1
Ne7 15. c4 c5 16. Qc3 Bxd5 17. cxd5 Ng6 18. Bg3 f6 19. b4 Rc8 20. b5 Be7 21.
Nd2 h5 22. h3 h4 23. Bh2 Kf7 24. Nc4 Ne5 25. Bxe5 fxe5 26. f4 exf4 27. e5 Qd8
28. Qd3 Rf8 29. Qh7 Rh8 30. Qf5+ Kg8 31. exd6 Bf6 32. d7 1-0

[Event "N� LL 2004/05"]
[Site "?"]
[Date "2005.03.06"]
[Round "9"]
[White "Todor, Razvan"]
[Black "R�hrl, Karl"]
[Result "0-1"]
[WhiteElo "2133"]
[BlackElo "2225"]
[Annotator "St.P�lten : Wr.Neustadt"]
[PlyCount "124"]

1. e4 c5 2. Nf3 d6 3. c4 Nc6 4. d4 cxd4 5. Nxd4 g6 6. Nc3 Bg7 7. Be3 Nf6 8. Be2
O-O 9. O-O Bd7 10. Qd2 Nxd4 11. Bxd4 Bc6 12. Bd3 a6 13. Rae1 Qa5 14. a3 e5 15.
Be3 Ng4 16. Nd5 Qd8 17. Bb6 Qd7 18. f3 Bxd5 19. cxd5 Bh6 20. Qe2 Nf6 21. b4
Rfc8 22. Qb2 Qe7 23. Rf2 Nd7 24. Be3 Bxe3 25. Rxe3 Qd8 26. Bf1 Qb6 27. Rc3 Rxc3
28. Qxc3 a5 29. Qb2 axb4 30. axb4 Ra4 31. b5 Nc5 32. g3 Qa5 33. Kg2 b6 34. Qc1
f6 35. Qh6 Qa7 36. Qh3 Qd7 37. Qh6 Ra8 38. Rc2 f5 39. Qh4 fxe4 40. fxe4 Qd8 41.
Qg4 Kg7 42. h4 Ra4 43. Bc4 Qa8 44. Qe2 Ra3 45. Kh3 h5 46. Kh2 Qc8 47. Ra2 Rxa2
48. Bxa2 Qa8 49. Bb1 Qa1 50. Bc2 Qb2 51. Kg2 Qc3 52. Kf2 Nd7 53. Qd3 Qc5+ 54.
Kg2 Nf6 55. Bd1 Qc1 56. Bf3 Nd7 57. Qf1 Qa3 58. Qc4 Nc5 59. Be2 Qe3 60. Bf3 Nd3
61. Qc7+ Kh6 62. Qf7 Ne1+ 0-1

[Event "N� LL 2004/05"]
[Site "?"]
[Date "2005.03.06"]
[Round "9"]
[White "Neussner, Siegfried"]
[Black "M�ller, Roland"]
[Result "1/2-1/2"]
[WhiteElo "2070"]
[BlackElo "2098"]
[Annotator "St.P�lten : Wr.Neustadt"]
[PlyCount "25"]

1. e4 c5 2. Nf3 Nc6 3. d4 cxd4 4. Nxd4 Nf6 5. Nc3 e5 6. Ndb5 d6 7. Bg5 a6 8.
Na3 b5 9. Nd5 Be7 10. Bxf6 Bxf6 11. c3 O-O 12. Nc2 Bg5 13. a4 1/2-1/2

[Event "N� LL 2004/05"]
[Site "?"]
[Date "2005.04.03"]
[Round "10"]
[White "Wukits, Rene"]
[Black "Sulyok, Michael"]
[Result "1/2-1/2"]
[WhiteElo "2244"]
[BlackElo "2161"]
[Annotator "Baden : Ternitz/Gloggnitz"]
[PlyCount "44"]

1. d4 d6 2. c4 f5 3. g3 Nf6 4. Bg2 g6 5. Nc3 Bg7 6. Nf3 O-O 7. O-O Qe8 8. d5 a5
9. Be3 Na6 10. Qd2 Ng4 11. Bd4 Bh6 12. Ng5 c5 13. dxc6 bxc6 14. Nd5 Rb8 15. h3
Nf6 16. Nc3 Nc7 17. Be3 Bg7 18. Rad1 h6 19. Nf3 g5 20. b3 Ne6 21. Nd4 Nxd4 22.
Bxd4 Bd7 1/2-1/2

[Event "N� LL 2004/05"]
[Site "?"]
[Date "2005.04.03"]
[Round "10"]
[White "Zojer, Thomas"]
[Black "Degen, Gerhard"]
[Result "0-1"]
[WhiteElo "1982"]
[BlackElo "2097"]
[Annotator "Baden : Ternitz/Gloggnitz"]
[PlyCount "70"]

1. d4 Nf6 2. Nf3 e6 3. c4 b6 4. e3 Bb7 5. Bd3 Be7 6. Nc3 d5 7. O-O O-O 8. b3 c5
9. Bb2 Nc6 10. dxc5 dxc4 11. Bxc4 Bxc5 12. Rc1 Qe7 13. Qe2 Rfd8 14. Rfd1 Rac8
15. Rc2 Bb4 16. Bd3 h6 17. Ne4 Nd5 18. Ng3 Ba3 19. Rc4 Bxb2 20. Qxb2 Ndb4 21.
Rg4 f6 22. Be2 Rxd1+ 23. Bxd1 Nd3 24. Qb1 Ncb4 25. Nh5 Rc1 26. Rxg7+ Qxg7 27.
Qxc1 Nxc1 28. Nxg7 Kxg7 29. a3 Bxf3 30. gxf3 Nc6 31. Bc2 Na5 32. b4 Nc4 33. a4
Ne5 34. f4 Ned3 35. b5 Nc5 0-1

[Event "N� LL 2004/05"]
[Site "?"]
[Date "2005.04.03"]
[Round "10"]
[White "Zojer, Stefan"]
[Black "Weninger, Robert"]
[Result "0-1"]
[WhiteElo "1986"]
[BlackElo "2032"]
[Annotator "Baden : Ternitz/Gloggnitz"]
[PlyCount "70"]

1. d4 Nf6 2. c4 g6 3. Nc3 d5 4. cxd5 Nxd5 5. e4 Nxc3 6. bxc3 Bg7 7. Bc4 c5 8.
Be3 Nc6 9. Ne2 cxd4 10. cxd4 O-O 11. O-O Bg4 12. f3 Na5 13. Bxf7+ Rxf7 14. fxg4
Rxf1+ 15. Kxf1 Qd7 16. Nc3 Rd8 17. e5 Kh8 18. Qa4 Nc6 19. Rd1 Qxg4 20. h3 Rf8+
21. Kg1 Qg3 22. Nd5 e6 23. Bf4 Rxf4 24. Nxf4 Qe3+ 25. Kh1 Qxf4 26. Qb5 h5 27.
Rf1 Qxd4 28. Qxb7 Nxe5 29. Qc8+ Kh7 30. Qxe6 Nd3 31. Rf7 Nf2+ 32. Kh2 Kh6 33.
Qd7 Qe5+ 34. g3 Ne4 35. Qxa7 Qb2+ 0-1

[Event "N� LL 2004/05"]
[Site "?"]
[Date "2005.04.03"]
[Round "10"]
[White "Lucaci, Marius"]
[Black "Mozny, Milos"]
[Result "1/2-1/2"]
[WhiteElo "2153"]
[BlackElo "2376"]
[Annotator "Wiener Neustadt : Krems"]
[PlyCount "86"]

1. e4 c5 2. Nf3 d6 3. d4 cxd4 4. Nxd4 Nf6 5. Nc3 e6 6. Be2 Nc6 7. O-O Be7 8.
Kh1 O-O 9. f4 Bd7 10. Be3 Nxd4 11. Bxd4 Bc6 12. Bd3 Nd7 13. Qg4 e5 14. Be3 exf4
15. Qxf4 Ne5 16. Be2 Ng6 17. Qg4 Bf6 18. Nd5 Bxd5 19. exd5 Qe7 20. Bd2 Bxb2 21.
Rab1 f5 22. Qh5 Be5 23. Bd3 f4 24. Rf3 Rf6 25. Rh3 Nf8 26. Bxh7+ Nxh7 27. Qxh7+
Kf7 28. Qh5+ Rg6 29. Rh4 Qg5 30. Rxb7+ Kf6 31. Qxg5+ Kxg5 32. g3 Rc8 33. Rxa7
Rxc2 34. Bxf4+ Kf6 35. Ra4 Rc5 36. Bxe5+ dxe5 37. Ra6+ Kg5 38. Rxg6+ Kxg6 39.
Kg2 Rxd5 40. Kf3 Rd3+ 41. Ke4 Ra3 42. Kxe5 Ra5+ 43. Ke6 Ra6+ 1/2-1/2

[Event "N� LL 2004/05"]
[Site "?"]
[Date "2005.04.03"]
[Round "10"]
[White "Mayer, Martin"]
[Black "Todor, Razvan"]
[Result "0-1"]
[WhiteElo "2000"]
[BlackElo "2133"]
[Annotator "Wiener Neustadt : Krems"]
[PlyCount "47"]

1. d4 f5 2. Nf3 g6 3. g3 Nf6 4. Bg2 Bg7 5. c4 d6 6. Nc3 O-O 7. O-O c6 8. Re1
Nh5 9. e3 e5 10. dxe5 dxe5 11. b3 e4 12. Nd4 c5 13. Nde2 Nc6 14. Bb2 Nb4 15.
Qxd8 Rxd8 16. Red1 Bd7 17. Rd2 Bc6 18. Rxd8+ Rxd8 19. Rd1 Rxd1+ 20. Nxd1 Bxb2
21. Nxb2 Nxa2 22. h3 Nf6 23. Nf4 Nc1 24. Ne6 0-1

[Event "N� LL 2004/05"]
[Site "?"]
[Date "2005.04.03"]
[Round "10"]
[White "Wiedner, Robert"]
[Black "Steinhauer, Johann"]
[Result "1/2-1/2"]
[WhiteElo "2147"]
[BlackElo "1976"]
[Annotator "Wiener Neustadt : Krems"]
[PlyCount "27"]

1. e4 e5 2. Nf3 Nc6 3. Bb5 f5 4. d4 fxe4 5. Nxe5 Qf6 6. Nc3 Bb4 7. Bxc6 bxc6 8.
O-O Bxc3 9. bxc3 d6 10. Nxc6 Bd7 11. Nb4 Ne7 12. Nd5 Nxd5 13. Qh5+ Qg6 14. Qxd5
1/2-1/2

[Event "N� LL 2004/05"]
[Site "?"]
[Date "2005.04.03"]
[Round "10"]
[White "Lehner, Oliver"]
[Black "Blatny, Pavel"]
[Result "1/2-1/2"]
[WhiteElo "2414"]
[BlackElo "2535"]
[Annotator "Zwettl : St.P�lten"]
[PlyCount "117"]

1. e4 g6 2. d4 c6 3. c4 d6 4. Nc3 e5 5. Be3 Bg7 6. Nf3 Bg4 7. dxe5 dxe5 8.
Qxd8+ Kxd8 9. Ng5 Ke8 10. h3 Bd7 11. c5 h6 12. Nf3 Be6 13. Nd2 Nd7 14. Nc4 Bxc4
15. Bxc4 Ke7 16. O-O h5 17. f3 Bh6 18. Bf2 Ngf6 19. Rfd1 Rhd8 20. Rd3 Nf8 21.
Rad1 Rxd3 22. Rxd3 N6d7 23. b4 Ne6 24. Bxe6 Kxe6 25. Rd6+ Ke7 26. b5 Rc8 27.
bxc6 bxc6 28. Kf1 Ke8 29. Na4 Bf8 30. Rd3 Rb8 31. Rb3 Be7 32. Ke2 Rxb3 33. axb3
Nf8 34. Nb2 Ne6 35. Nd3 f6 36. Kd2 Kd7 37. Kc3 Bd8 38. Kc4 Bc7 39. Be3 f5 40.
Bd2 Nd8 41. Bc3 Ke6 42. Bb2 Nf7 43. Nb4 Kd7 44. Nd3 a5 45. Bc3 Ke6 46. b4 axb4
47. Nxb4 Kd7 48. Nd3 f4 49. Bb2 g5 50. Bc3 Kc8 51. Kb4 Kd8 52. Kb3 Ke7 53. Kc4
Kd7 54. Kb3 Ke6 55. Kc4 Nh8 56. Be1 Ng6 57. Kb3 Bd8 58. Kc2 Bf6 59. Kd1 {
Rest nicht lesbar, remis im 84.Zug} 1/2-1/2

[Event "N� LL 2004/05"]
[Site "?"]
[Date "2005.04.03"]
[Round "10"]
[White "Vyskocil, Neklan"]
[Black "Ganaus, Hannes"]
[Result "1/2-1/2"]
[WhiteElo "2305"]
[BlackElo "2330"]
[Annotator "Zwettl : St.P�lten"]
[PlyCount "42"]

1. e4 e6 2. d4 d5 3. Nc3 Bb4 4. e5 c5 5. a3 Ba5 6. dxc5 Bxc3+ 7. bxc3 Qc7 8.
Nf3 Nd7 9. Be3 Ne7 10. Bb5 O-O 11. Bxd7 Bxd7 12. O-O Nc6 13. Bd4 Nxd4 14. cxd4
b6 15. cxb6 axb6 16. Qd3 Rfc8 17. Rfb1 Qxc2 18. Qxc2 Rxc2 19. Rxb6 Rxa3 20.
Rb8+ Bc8 21. Rbb1 Rxa1 1/2-1/2

[Event "N� LL 2004/05"]
[Site "?"]
[Date "2005.04.03"]
[Round "10"]
[White "Denk, Adolf"]
[Black "D�ckstein, Andreas"]
[Result "0-1"]
[WhiteElo "2256"]
[BlackElo "2288"]
[Annotator "Zwettl : St.P�lten"]
[PlyCount "123"]

1. c4 e5 2. Nc3 Nf6 3. g3 d5 4. cxd5 Nxd5 5. Bg2 Nc6 6. Nf3 Nb6 7. O-O Be7 8.
a3 a5 9. d3 O-O 10. Be3 Be6 11. Rc1 Nd5 12. Bd2 Qd7 13. Ne4 f6 14. Qc2 Rfc8 15.
Rfd1 a4 16. Nc5 Bxc5 17. Qxc5 Nde7 18. Bc3 Bb3 19. Rf1 Qe6 20. Nd2 b6 21. Qe3
Bd5 22. f4 Bxg2 23. Kxg2 Nd5 24. Qe4 f5 25. Qf3 exf4 26. Kh1 Nxc3 27. Rxc3 Nd4
28. Qxf4 c5 29. e3 Qc6+ 30. Nf3 Nb5 31. Rc2 Re8 32. Kg1 Qd5 33. Rd2 Qe6 34. Kg2
Nd6 35. Re2 c4 36. d4 Qd5 37. Kg1 Re4 38. Qg5 Nf7 39. Qh5 g6 40. Qh3 Rae8 41.
Kf2 R4e6 42. Rc1 b5 43. Qg2 Kg7 44. Rce1 Rc8 45. g4 Rce8 46. gxf5 Qxf5 47. Kg1
Re4 48. h3 R4e6 49. Nd2 Qd3 50. Nf1 Nd6 51. Rd2 Qb3 52. Rf2 Ne4 53. Rf4 c3 54.
bxc3 Qxc3 55. Rb1 Nd6 56. Qa2 Qd3 57. Rb2 Qd1 58. Qd5 R8e7 59. Qa8 Nf5 60. Rxf5
gxf5 61. Rg2+ Rg6 62. Qd8 0-1

[Event "N� LL 2004/05"]
[Site "?"]
[Date "2005.04.03"]
[Round "10"]
[White "Zwettler, Martin"]
[Black "R�hrl, Karl"]
[Result "0-1"]
[WhiteElo "2183"]
[BlackElo "2225"]
[Annotator "Zwettl : St.P�lten"]
[PlyCount "78"]

1. d4 Nf6 2. Bg5 c5 3. Bxf6 gxf6 4. d5 Qb6 5. Qc1 Bg7 6. c4 d6 7. Nc3 f5 8. e3
Nd7 9. Nf3 Ne5 10. Nxe5 Bxe5 11. Bd3 h5 12. h4 Bd7 13. g3 Qa5 14. a3 e6 15. Ke2
Ke7 16. Rb1 Rac8 17. Re1 Qd8 18. e4 Qg8 19. Qg5+ Qxg5 20. hxg5 f4 21. gxf4 Bxf4
22. g6 fxg6 23. dxe6 Bxe6 24. Nd5+ Bxd5 25. exd5 Kf6 26. Kf3 Be5 27. Kg2 g5 28.
b4 b6 29. f3 Rc7 30. Re2 Kg7 31. Rbe1 Re7 32. bxc5 bxc5 33. Rb1 Rf8 34. a4 Rf4
35. Rb8 Rd4 36. Re3 Rf7 37. Be2 Rd2 38. Kh3 Ra2 39. Bd1 Rh2# 0-1